| 000 | 00448nam a22001937a 4500 | ||
|---|---|---|---|
| 003 | MPLRDC | ||
| 005 | 20220104181253.0 | ||
| 008 | 210129b ||||| |||| 00| 0 eng d | ||
| 020 | _a967-65-1850-6 | ||
| 082 | _a868.73 HAM | ||
| 100 | _aAMIR HAMZAH | ||
| 245 |
_aNYANYI SUNYI _c |
||
| 250 | _a初版 | ||
| 260 |
_a _bFAJAR BAKTI _c1991 |
||
| 300 | _b平 | ||
| 490 | _aSIRI SASTERA MODEN FAJAR BAKTI | ||
| 650 | _a | ||
| 942 |
_cBK _o868.73 HAM |
||
| 999 |
_c61357 _d61347 |
||